Молодежь XXI века: образование, наука, инновации. Ч. 2 (Запись № 13507445)
[ простой вид ]
| 000 -МАРКЕР | |
|---|---|
| контрольное поле | 02182nam2a2200265 4500 |
| 001 - ИДЕНТИФИКАТОР ЗАПИСИ | |
| контрольное поле | RU\NLR\BIBL_A\022690032 |
| 005 - ИДЕНТИФИКАТОР ВЕРСИИ | |
| контрольное поле | 20260128101210.0 |
| 010 ## - МЕЖДУНАРОДНЫЙ СТАНДАРТНЫЙ НОМЕР КНИГИ (ISBN) | |
| Номер (ISBN) | 978-5-00226-241-0 |
| Уточнения | ч. 2 |
| Тираж | 500 |
| 021 ## - НОМЕР ГОСУДАРСТВЕННОЙ РЕГИСТРАЦИИ | |
| Код страны | Российская Федерация |
| Номер | КН-П-25-067359 |
| Номер Листа государственной регистраци | КН-П-25-6510 |
| 035 ## - ДРУГИЕ СИСТЕМНЫЕ НОМЕРА | |
| Идентификатор записи | (NLR Aleph) 022690032 |
| 100 ## - ДАННЫЕ ОБЩЕЙ ОБРАБОТКИ | |
| Данные общей обработки | 20251217d2025 k y0rusy50 ca |
| 101 0# - ЯЗЫК РЕСУРСА | |
| Язык текста, звукозаписи и т.д. | русский |
| 102 ## - СТРАНА ПУБЛИКАЦИИ ИЛИ ПРОИЗВОДСТВА | |
| Страна публикации | Российская Федерация |
| 105 ## - ПОЛЕ КОДИРОВАННЫХ ДАННЫХ: ТЕКСТОВЫЕ МАТЕРИАЛЫ, МОНОГРАФИЧЕСКИЕ | |
| Кодированные данные о монографическом текстовом документе | a|||z|||100yy |
| 200 0# - ЗАГЛАВИЕ И СВЕДЕНИЯ ОБ ОТВЕТСТВЕННОСТИ | |
| Основное заглавие | Ч. 2 |
| 210 ## - ПУБЛИКАЦИЯ, РАСПРОСТРАНЕНИЕ И ДР. | |
| Дата издания, распространения и т.д. | 2025 |
| 215 ## - ФИЗИЧЕСКАЯ ХАРАКТЕРИСТИКА | |
| Специфическое обозначение материала и объем | 165, [1] с. |
| Другие сведения о физической характеристике | ил. |
| 461 #0 - УРОВЕНЬ НАБОРА | |
| Встроенное поле | 001RU\NLR\BIBL_A\022690031 |
| -- | 2001#$aМолодежь XXI века: образование, наука, инновации$eматериалы XIII Всероссийской студенческой научно-практической конференции с международным участием (г. Новосибирск, 13-15 ноября 2024 г.)$eв 2 частях$fМинистерство просвещения Российской Федерации, Новосибирский государственный педагогический университет, Факультет психологии$gпод редакцией Е. В. Игнатовской$vЧ. 2 |
| Системный номер (АБИС) связанной записи | 13540121 |
| Место публикации | Новосибирск |
| Дата публикации | 2025 |
| Первые сведения об ответственности | Министерство просвещения Российской Федерации, Новосибирский государственный педагогический университет, Факультет психологии |
| Имя издателя, распространителя и т.д. | Изд-во НГПУ |
| Сведения, относящиеся к заглавию | материалы XIII Всероссийской студенческой научно-практической конференции с международным участием (г. Новосибирск, 13-15 ноября 2024 г.) : в 2 частях |
| Заглавие | Молодежь XXI века: образование, наука, инновации |
| ISBN | 978-5-00226-239-7 |
| Номер тома | Ч. 2 |
| 606 1# - НАИМЕНОВАНИЕ ТЕМЫ КАК ПРЕДМЕТ | |
| Наименование темы | Учащиеся |
| Формальный подзаголовок | Съезды, совещания и т.п |
| Тематический подзаголовок | Отклоняющееся поведение |
| -- | Психокоррекция |
| Системный номер авторитетной/нормативной записи | 2103716 |
| Идентификатор авторитетной/нормативной записи | RU\NLR\AUTH\661272025 |
| 686 1# - ИНДЕКСЫ ДРУГИХ КЛАССИФИКАЦИЙ | |
| Индекс | Ю983.620.1-81я431 |
| 942 ## - ДОПОЛНИТЕЛЬНЫЕ ЭЛЕМЕНТЫ ЗАПИСИ (АБИС) | |
| Тип экземпляра АБИС | Книга |
| 980 ## - КОЛЛЕКЦИЯ | |
| Название коллекции | Национальная библиография |
Нет доступных экземпляров.